Länsi-Euroopan maat kartalla - Statistics

Yleistilastot
  • Tätä visaa on pelattu 2 294 kertaa
  • Keskiarvotulos 21 / 24
Vastaukset kartalla
Vastauksille on annettu kartalla punavihreä väri sen mukaan, kuinka moni on saanut sen oikein.
 
Vastaustilastot
Vastaus % Oikein
Islanti
97%
Irlanti
96%
Norja
95%
Yhdistynyt kuningaskunta
95%
Suomi
93%
Italia
92%
Espanja
91%
Portugali
91%
Kreikka
90%
Ranska
90%
Ruotsi
89%
Tanska
89%
Saksa
88%
Malta
87%
Alankomaat
86%
Belgia
86%
Sveitsi
86%
Vatikaani
85%
Monaco
84%
Itävalta
82%
Liechtenstein
82%
Luxemburg
82%
San Marino
78%
Andorra
76%
Ehtoja vastaavia visoja ei löytynyt
Tulosjakauma
Jokaisen tuloksen saaneiden osuus
Persentiili vastausten määrän mukaan
Tuloshistoriasi
Et ole pelannut tätä visaa